| 000 | 01541nam0a2200301 4500 | ||
|---|---|---|---|
| 001 | RU\NLR\bibl\1400377 | ||
| 005 | 20230614123721.0 | ||
| 021 |
_aRU _b2009-45403 _92762 |
||
| 035 | _a(NLR Aleph) 001392385 | ||
| 090 |
_a1170466 _c1170466 |
||
| 100 | _a20090812d2009 k y0rusy50 ca | ||
| 101 | 0 | _arus | |
| 102 | _aRU | ||
| 105 | _aa ||||||||| | ||
| 200 | 1 |
_aКомплекс машин для производства кормов при влажном фракционировании зеленых растений _eмонография _fС.И. Попов _gФедер. агентство по образованию, Гос. образоват. учреждение высш. проф. образования Донской гос. техн. ун-т |
|
| 210 |
_aРостов-на-Дону _cИздательский центр ДГТУ _d2009 |
||
| 215 |
_a190 с. _cил. _d20 |
||
| 320 | _aБиблиогр.: с. 163-170 (84 назв.) | ||
| 606 | 1 |
_aКорма гранулированные _xПриготовление при влажном фракционировании растений _xМеханизация _92565210 _3RU\NLR\auth\661517201 |
|
| 686 | _aП545.141 | ||
| 686 | _aП072.91 | ||
| 700 | 1 |
_4070 _7ca _8rus _aПопов _bС. И. _cканд. техн. наук, моделирование техники _f1957- _gСергей Иванович _910969 _3RU\NLR\AUTH\7727938 |
|
| 801 | 0 |
_aRU _bNLR _c20090812 _gRCR |
|
| 801 | 1 |
_aRU _bNLR _c20090812 |
|
| 942 | _cBOOK | ||
| 980 | _aNB | ||